| 000 | 01141nam a2200325 c 4500 | ||
|---|---|---|---|
| 001 | 15305 | ||
| 003 | ES-MaCES | ||
| 005 | 20141221122348.0 | ||
| 008 | 030711s2003 sp t m000 | spa d | ||
| 035 | _aCES20030009942m | ||
| 040 |
_aES-MaCES _bspa _cES-MaCES |
||
| 245 | 0 | 0 | _aConvenio marco de cooperación entre la Organización Iberoamericana de Seguridad Social y la Secretaría General de la Comunidad Andina, [suscrito en Madrid, el 1 de abril de 2003] |
| 260 |
_aMadrid _bOISS, Secretaría General _c[2003] |
||
| 300 |
_a[8] h. _c30 cm |
||
| 500 | _aTít. tomado de la cub | ||
| 500 | _aEjemp. fotocopiado | ||
| 541 | _cGratuito | ||
| 650 | 4 |
_aorganización regional _926703 |
|
| 650 | 4 |
_arelaciones interinstitucionales _930832 |
|
| 650 | 4 |
_aseguridad social _927034 |
|
| 650 | 4 |
_aacuerdo internacional _926683 |
|
| 650 | 4 |
_a2003 _931178 |
|
| 650 | 4 |
_atexto _929624 |
|
| 653 | 1 | 0 | _aOrganizaciones |
| 710 | 2 |
_aOrganización Iberoamericana de Seguridad Social _94717 |
|
| 710 | 2 |
_aComunidad Andina _92223 |
|
| 902 | _aDOC Literatura gris | ||
| 942 |
_2CES _cBK _h6.3. |
||
| 999 |
_c15305 _d15305 |
||